Trouve le pays de ces footballeurs - Statistiques

Statistiques générales
  • Ce quiz a été pris 350 fois
  • Le résultat moyen est 45 sur 100
Statistiques - réponses
Joueur Pays % Correct
1 Raphaël Varane France
100%
3 Lionel Messi Argentine
99%
4 Cristiano Ronaldo Portugal
99%
9 Neymar Brésil
98%
2 Sergio Ramos Espagne
98%
6 Kevin De Bruyne Belgique
97%
7 Robert Lewandowski Pologne
96%
8 Edinson Cavani Uruguay
96%
12 Son Heung-min Corée du Sud
95%
18 Zlatan Ibrahimović Suède
94%
5 Marc-André ter Stegen Allemagne
93%
21 Mohamed Salah Egypte
93%
13 Giorgio Chiellini Italie
93%
15 Erling Braut Haaland Norvège
93%
10 Arturo Vidal Chili
91%
17 Sadio Mané Sénégal
91%
19 Hakim Ziyech Maroc
89%
23 Keylor Navas Costa Rica
88%
14 Georginio Wijnaldum Pays Bas
88%
16 Alex Oxlade-Chamberlain Angleterre
84%
20 Kóstas Mítroglou Grèce
84%
11 Guillermo Ochoa Mexique
84%
25 Granit Xhaka Suisse
84%
24 Christian Pulisic Etats Unis
82%
26 Andriy Yarmolenko Ukraine
80%
52 Riyad Mahrez Algérie
79%
27 Shinji Kagawa Japon
78%
38 Radamel Falcao Colombie
75%
32 Wabi Khazri Tunisie
73%
42 Alphonso Davies Canada
72%
46 Burak Yılmaz Turquie
70%
72 Miralem Pjanic Bosnie Herzégovine
66%
59 Eric Maxim Choupo-Moting Cameroun
64%
68 Modric Luka Croatie
64%
41 Enner Valencia Equateur
64%
45 Henrik Mkhitaryan Arménie
63%
36 Teemu Pukki Finlande
61%
55 Wu Lei Chine
60%
43 James McClean Irlande
59%
39 Han Kwang-song Corée du Nord
58%
30 André Ayew Ghana
58%
29 Victor Enyeama Nigeria
56%
22 Artem Dzyuba Russie
55%
69 Marek Hamsik Slovaquie
55%
53 Leon Bailey Jamaïque
51%
70 Ciprian Tatarusanu Roumanie
50%
54 Salem Al-Dossari Arabie Saoudite
46%
71 Dusan Tudic Serbie
46%
44 Aaron Mooy Australie
42%
51 Sardar Azmoun Iran
39%
48 Chris Wood Nouvelle Zélande
38%
49 Elseid Hysaj Albanie
35%
40 Oswaldo Vizcarrondo Venezuela
35%
60 Cheick Diabaté Mali
34%
92 Stefan Savić Montenegro
34%
90 Bertrand Traoré Burkina Faso
32%
37 Christian Cueva Pérou
31%
47 Balázs Dzsudzsák Hongrie
29%
31 Lebo Mothiba Afrique du Sud
28%
34 Lalaina Nomenjanahary Madagascar
25%
33 Aleksandar Dragovic Autriche
24%
57 Júlio Tavares Cap Vert
23%
28 Odil Akhmedov Ouzbekistan
21%
65 Ivelin Popov Bulgarie
20%
98 Valeri Qazaishvili Géorgie
20%
56 Sunil Chhetri Inde
19%
63 Gustavo Gómez Paraguay
19%
73 Pieros Sotiriou Chypre
17%
62 Henry Vaca Bolivie
15%
67 Vladimir Darida Republique Tcheque
14%
35 Abdiel Arroyo Panama
13%
84 Musa Barrow Gambie
11%
58 Gelson Dala Angola
10%
83 Nguyen Anh Duc Vietnam
10%
61 Roy Krishna Fidji
9%
50 Duckens Nazon Haiti
8%
93 Gafurzhan Suyumbayev Kazakhstan
8%
66 Faiz Al Rashaidi Oman
8%
74 Kei Kamara Sierra Leone
8%
85 Wu Chun-ching Taiwan
8%
80 Mohammad Jaber Mustafa Irak
7%
99 Lotima Taufo'ou Tonga
7%
96 Tamatoa Tetauira Tahiti
6%
64 Kevin Molino Trinité et Tobago
6%
82 Raymond Gunemba Papouasie Nouvelle Guinée
5%
76 Darwin Cerén Salvador
5%
88 Kawin Thammasatchanan Thaïlande
5%
81 Khama Billiat Zimbabwe
5%
86 Juan Barrera Nicaragua
4%
75 Altymyrat Annadurdyyew Turkmenistan
4%
95 Deon McCaulay Belize
3%
91 Adi Said Brunei
3%
94 Emery Welshman Guyana
3%
77 Ju Manu Rai Népal
3%
87 Michael Azira Ouganda
3%
78 Ro Ro Qatar
3%
89 Myron Samuel Saint Vincent et les Grenadines
3%
79 Ivenzo Comvalius Suriname
3%
100 Christian Pasquato Vatican
3%
97 Kaben Ioteba Kiribati
2%
Aucun quiz correspondant
Distribution des résultats
% des personnes avec chaque résultat
Percentile par nombre de réponses
Votre historique - résultats
Vous n’avez pas pris ce quiz